<?xml version="1.0" encoding="UTF-8"?>
<record
    xmlns:xsi="http://www.w3.org/2001/XMLSchema-instance"
    xsi:schemaLocation="http://www.loc.gov/MARC21/slim http://www.loc.gov/standards/marcxml/schema/MARC21slim.xsd"
    xmlns="http://www.loc.gov/MARC21/slim">

  <leader>00982nam a2200205 i 4500</leader>
  <controlfield tag="001">183340</controlfield>
  <controlfield tag="003">ES-MaACL</controlfield>
  <controlfield tag="005">20240523153404.0</controlfield>
  <controlfield tag="008">140327s2013    sp           |||| | spa d</controlfield>
  <datafield tag="100" ind1="1" ind2=" ">
    <subfield code="a">Laorden Jim&#xE9;nez, Luis.</subfield>
    <subfield code="9">154624</subfield>
  </datafield>
  <datafield tag="245" ind1="1" ind2="3">
    <subfield code="a">La vida y el recuerdo de Fray Jun&#xED;pero Serra </subfield>
    <subfield code="b">: fundador de misiones en Sierra Gorda de Quer&#xE9;taro y Alta California 1713-1784 = The life and legacy of Fray Jun&#xED;pero Serra : founder of Missions in Sierra Gorda de Quer&#xE9;taro and Alta California 1713-1784 / </subfield>
    <subfield code="c">Luis Laorden Jim&#xE9;nez.</subfield>
  </datafield>
  <datafield tag="260" ind1=" " ind2=" ">
    <subfield code="a">Madrid : </subfield>
    <subfield code="b">Fundaci&#xF3;n Consejo Espa&#xF1;a - EE.UU., </subfield>
    <subfield code="c">2013.</subfield>
  </datafield>
  <datafield tag="300" ind1=" " ind2=" ">
    <subfield code="a">70 p. ; </subfield>
    <subfield code="c">24 cm.</subfield>
  </datafield>
  <datafield tag="500" ind1=" " ind2=" ">
    <subfield code="a">Texto biling&#xFC;e espa&#xF1;ol-ingl&#xE9;s.</subfield>
  </datafield>
  <datafield tag="600" ind1="1" ind2="7">
    <subfield code="a">Jun&#xED;pero Serra, </subfield>
    <subfield code="c">Santo,</subfield>
    <subfield code="d">1713-1784</subfield>
    <subfield code="2"></subfield>
    <subfield code="9">153812</subfield>
  </datafield>
  <datafield tag="852" ind1=" " ind2=" ">
    <subfield code="a">ES-MaACL</subfield>
    <subfield code="j">A-13080</subfield>
    <subfield code="9">190279</subfield>
    <subfield code="b">R.149879</subfield>
    <subfield code="c">DEPO1</subfield>
    <subfield code="d">Olim: N-6080</subfield>
    <subfield code="h">Donaci&#xF3;n: Luis Laorden Jim&#xE9;nez</subfield>
  </datafield>
  <datafield tag="903" ind1=" " ind2=" ">
    <subfield code="9">154624</subfield>
    <subfield code="a">Laorden Jim&#xE9;nez, Luis</subfield>
    <subfield code="e">dnr</subfield>
  </datafield>
  <datafield tag="942" ind1=" " ind2=" ">
    <subfield code="2">udc</subfield>
    <subfield code="c">MONOGRAFIA</subfield>
  </datafield>
  <datafield tag="999" ind1=" " ind2=" ">
    <subfield code="c">183340</subfield>
    <subfield code="d">183340</subfield>
  </datafield>
  <datafield tag="952" ind1=" " ind2=" ">
    <subfield code="0">0</subfield>
    <subfield code="1">0</subfield>
    <subfield code="2">udc</subfield>
    <subfield code="4">0</subfield>
    <subfield code="7">0</subfield>
    <subfield code="a">ATENEOM</subfield>
    <subfield code="b">ATENEOM</subfield>
    <subfield code="c">DEPO1</subfield>
    <subfield code="d">2014-03-27</subfield>
    <subfield code="e">DONACION</subfield>
    <subfield code="l">0</subfield>
    <subfield code="o">A-13080</subfield>
    <subfield code="p">1192706</subfield>
    <subfield code="r">2023-02-23 00:00:00</subfield>
    <subfield code="w">2023-02-23</subfield>
    <subfield code="y">MONOGRAFIA</subfield>
  </datafield>
</record>
